Cyber-physical attacks : a growing invisible threat (Record no. 28858)

MARC details
000 -LEADER
fixed length control field 00753nam a2200181Ia 4500
020 ## - INTERNATIONAL STANDARD BOOK NUMBER
ISBN 9780128012901
050 ## - CALL MARK
Classification number QA 76.9.A25 .L68/
100 ## - STATEMENT OF RESPONSIBILITY--MAIN AUTHOR NAME
Personal name Loukas, George
245 #0 - TITLE STATEMENT
Title Cyber-physical attacks : a growing invisible threat
260 ## - PUBLICATION, DISTRIBUTION, ETC. (IMPRINT)
Place of publication New York
260 ## - PUBLICATION, DISTRIBUTION, ETC. (IMPRINT)
Name of publisher Butterworth-Heinemann
260 ## - PUBLICATION, DISTRIBUTION, ETC. (IMPRINT)
Year of publication 2015
300 ## - PHYSICAL DESCRIPTION
Number of Pages 262 p
650 ## - SUBJECT ADDED ENTRY--TOPICAL TERM
Topical Term Cyber intelligence (Computer security) Ubiquitous computing. Embedded computer systems. Embedded Internet devices. Internet of things. Cyber intelligence (Computer security) Embedded computer systems. Embedded Internet devices. Internet of things. Ubiquitous computing.
942 ## - ADDED ENTRY ELEMENTS (KOHA)
Koha item type Books
Holdings
Withdrawn status Lost status Source of classification or shelving scheme Damaged status Not for loan Permanent Location Current Location Date acquired Accession Number Price effective from Koha item type
    Library of Congress Classification     NILE UNIVERSITY OF NIGERIA - MAIN LIBRARY NILE UNIVERSITY OF NIGERIA - MAIN LIBRARY 04/23/2025 0186475 04/23/2025 Books